| 000 | 00533nam a2200193Ia 4500 | ||
|---|---|---|---|
| 003 | GCL | ||
| 008 | 140319s9999 xx 000 0 ara d | ||
| 040 |
_aGCL / _cGCL |
||
| 082 | 0 | 4 |
_a398.22 _bد ا |
| 100 | 1 | _aدراور، اللادى | |
| 245 | 1 | 0 |
_aاساطير وحكايات شعبية صابئية / _cدراور، اللادى |
| 700 | 1 | _aنعيم بدوى | |
| 300 | _a299 ص | ||
| 490 |
_aكتاب _v0 |
||
| 650 | 0 | 4 | _aالفولكلور |
| 650 | 0 | 4 | _aالادب |
| 650 | 0 | 4 | _aالادب الشعبى |
| 942 |
_2ddc _cBK |
||
| 999 |
_c40732 _d40732 |
||